| 000 | 01569nam a2200457 i 4500 | ||
|---|---|---|---|
| 001 | 35564 | ||
| 003 | KOSZ 005 | ||
| 005 | 20201215110255.0 | ||
| 008 | 081208s1954 pl a f |000 0 pol | ||
| 015 | _aUWD 1954/858 | ||
| 035 | _a991047380289705066 | ||
| 035 | _a(PL-WaBN)b23093018-48omnis_nlop | ||
| 035 | _ab23093018 | ||
| 035 | _a(OCoLC)297530386 | ||
| 035 | _a(PL)b0000002309301 | ||
| 035 | _a(EXLNZ-48OMNIS_NETWORK)9910210421405606 | ||
| 040 |
_aWA N _cWA N _dKOSZ 005/HR |
||
| 046 | _k1954 | ||
| 080 | _a543.2 | ||
| 100 | 1 |
_aMinczewski, Jerzy _d(1916-1995) _eAutor |
|
| 245 | 1 | 0 |
_aMetody instrumentalne w analizie chemicznej / _cJerzy MInczewski, Janina Świętosławska. |
| 260 |
_aWarszawa : _bPaństwowe Wydawnictwa Techniczne, _c1954. |
||
| 300 |
_a143, [1] s. : _bil. ; _c21 cm. |
||
| 336 |
_aTekst _btxt _2rdacontent |
||
| 337 |
_aBez urządzenia pośredniczącego _bn _2rdamedia |
||
| 338 |
_aWolumin _bnc _2rdacarrier |
||
| 380 | _aKsiążki | ||
| 380 | _aPublikacje fachowe | ||
| 388 | _a1901-2000 | ||
| 388 | _a1945-1989 | ||
| 504 | _aBibliogr. przy rozdz. | ||
| 521 | 8 | _aDla techników i inżynierów chemików zatrudnionych w laboratoriach fabrycznych i naukowych. | |
| 650 | 7 |
_aChemia analityczna _2DBN |
|
| 650 | 7 | _aAnaliza chemiczna | |
| 655 | 7 |
_aPodręcznik _2DBN |
|
| 658 | _aChemia | ||
| 700 | 1 |
_aŚwiętosławska, Janina _eAutor |
|
| 856 |
_uhttp://koha.tu.koszalin.pl/cgi-bin/koha/opac-detail.pl?biblionumber=35564 _yKatalog online BPK |
||
| 942 |
_2UKD _cKS |
||
| 999 |
_c35564 _d35564 |
||